00561nam a22001817a 45000050016000000100014000160200026000300350013000560370013000690820013000821000020000952450053001152600039001682700076002073000027002835000049003107000020003592010072405245.0 aENG-96737 a9788132105251c350.00 aEN-80270 bDBAD/PUB a004.0712 aSimmons, Carl / aTeaching Ictcby Simmons Carl and Hawkins Claire aNew DelhibSage Publicationsc2009 aB1/1-1 Mohan Cooperative Industrial Area Mohan RoadbNew Delhie110 044 aix, 246p.c23 cm (pbk) aIncludes bibiographical references and index aHowkins, Claire